[Event "Teplice op 8th"]
[Site "Teplice"]
[Date "2013.06.22"]
[Round "8"]
[White "Zima, Tomas"]
[Black "Holy, Filip"]
[Result "1-0"]
[WhiteElo "1832"]
[BlackElo "1625"]
[PlyCount "67"]
[EventDate "2013.06.15"]
[EventType "swiss"]
[EventRounds "9"]
[EventCountry "CZE"]
[SourceTitle "CBM 155 Extra"]
[Source "ChessBase"]
[SourceDate "2013.08.26"]
[SourceVersion "1"]
[SourceVersionDate "2013.08.26"]
[SourceQuality "1"]

1. c4 c6 2. d4 d5 3. Nc3 Nf6 4. Nf3 a6 5. e3 b5 6. cxb5 cxb5 7. a3 Bf5 8. Be2 e6 9. Nh4 Bg6 10. Nxg6 hxg6 11. Bd2 Nbd7 12. Bf3 Be7 13. 0-0 Qc7 14. g3 Rc8 15. Rc1 Qb8 16. e4 dxe4 17. Nxe4 0-0 18. Qe2 Nd5 19. b4 N7f6 20. Nc5 Bxc5 21. dxc5 Rfd8 22. Rfd1 Rc6 23. Bg5 Rc7 24. Bxd5 Rxd5 25. Bxf6 Rxd1+ 26. Rxd1 gxf6 27. Qf3 Kg7 28. Rd6 Qc8 29. h4 a5 30. Qd3 axb4 31. axb4 Rb7 32. Rd8 Qc6 33. Qd6 Qxd6 34. Rxd6 1-0

[Event "Teplice op 8th"]
[Site "Teplice"]
[Date "2013.06.18"]
[Round "4"]
[White "Horak, Ales"]
[Black "Zima, Tomas"]
[Result "1/2-1/2"]
[WhiteElo "1977"]
[BlackElo "1832"]
[PlyCount "128"]
[EventDate "2013.06.15"]
[EventType "swiss"]
[EventRounds "9"]
[EventCountry "CZE"]
[SourceTitle "CBM 155 Extra"]
[Source "ChessBase"]
[SourceDate "2013.08.26"]
[SourceVersion "1"]
[SourceVersionDate "2013.08.26"]
[SourceQuality "1"]

1. e4 e5 2. Nf3 Nf6 3. Nxe5 d6 4. Nf3 Nxe4 5. Nc3 Nxc3 6. dxc3 Bg4 7. h3 Bh5 8. Bd3 Be7 9. Bf4 Nc6 10. Qd2 Qd7 11. 0-0-0 a6 12. g4 Bg6 13. Bxg6 hxg6 14. Ne5 Nxe5 15. Bxe5 f6 16. Bg3 0-0-0 17. Rhe1 Rhe8 18. Qd3 f5 19. f3 Bf6 20. Qc4 Rxe1 21. Rxe1 Re8 22. Rxe8+ Qxe8 23. Kd2 Qe7 24. Qe2 Qxe2+ 25. Kxe2 Kd7 26. f4 fxg4 27. hxg4 Ke6 28. Bf2 g5 29. f5+ Kd5 30. Kd3 b5 31. b3 c5 32. c4+ bxc4+ 33. bxc4+ Kc6 34. Ke4 Bc3 35. Be3 Bf6 36. Bd2 Be7 37. f6 Bxf6 38. Kf5 Kd7 39. Bxg5 Ke7 40. Bd2 Be5 41. Ke4 Ke6 42. Kd3 Bd4 43. Bf4 Be5 44. Be3 Bf6 45. Ke4 Be5 46. Bf2 Bc3 47. Kd3 Be5 48. c3 Bf6 49. Kc2 Bd8 50. Bg3 Be7 51. Kb3 Bd8 52. Ka4 Bc7 53. Kb3 Bd8 54. Kc2 Bf6 55. Kd3 Be5 56. Bh4 Bf6 57. Be1 Ke5 58. Bg3+ Ke6 59. Bf4 Be5 60. Bd2 Bf6 61. Ke4 Be5 62. g5 g6 63. Be1 Bg7 64. Bd2 Be5 1/2-1/2

[Event "Teplice op 6th"]
[Site "Teplice"]
[Date "2011.06.11"]
[Round "1"]
[White "Zima, Tomas"]
[Black "Kratochvil, Karel"]
[Result "1-0"]
[WhiteElo "1815"]
[BlackElo "2275"]
[PlyCount "123"]
[EventDate "2011.06.11"]
[EventType "swiss"]
[EventRounds "9"]
[EventCountry "CZE"]
[SourceTitle "CBM 142 Extra"]
[Source "ChessBase"]
[SourceDate "2011.06.27"]
[SourceVersion "1"]
[SourceVersionDate "2011.06.27"]
[SourceQuality "1"]

1. e4 c5 2. Nc3 Nc6 3. g3 d6 4. Bg2 e5 5. d3 Nd4 6. Nd5 Be6 7. c3 Bxd5 8. cxd4 Bc6 9. d5 Bb5 10. Ne2 Be7 11. 0-0 h5 12. f4 h4 13. fxe5 hxg3 14. hxg3 dxe5 15. Nc3 Bd7 16. Qf3 Nf6 17. Be3 Rc8 18. Rac1 Bg4 19. Qf2 Qd7 20. Bf3 Bxf3 21. Qxf3 Qh3 22. Qg2 Ng4 23. Nd1 Qxg2+ 24. Kxg2 Rh2+ 25. Kf3 Nxe3 26. Nxe3 Rxb2 27. Rb1 Rxb1 28. Rxb1 b6 29. Nc4 f6 30. a4 Rb8 31. Kg4 Kd7 32. Kf5 g6+ 33. Kxg6 Rg8+ 34. Kf7 Rxg3 35. a5 Bd8 36. axb6 axb6 37. Nxb6+ Bxb6 38. Rxb6 f5 39. Kf6 fxe4 40. dxe4 Rg8 41. Kxe5 Re8+ 42. Kf4 Rc8 43. e5 c4 44. Rd6+ Ke7 45. Rc6 Rh8 46. Ke3 Rh4 47. Rc7+ Kd8 48. Ra7 c3 49. Ra2 Rh1 50. Rc2 Re1+ 51. Kd4 Rd1+ 52. Kc4 Re1 53. e6 Ke7 54. Rxc3 Kd6 55. Rd3 Re4+ 56. Kc3 Rh4 57. Re3 Rh7 58. Kd3 Rh8 59. Ke4 Rh5 60. Kf4 Ke7 61. d6+ Ke8 62. Ra3 1-0

[Event "Teplice op 4th"]
[Site "Teplice"]
[Date "2009.06.14"]
[Round "2"]
[White "Bakajsa, Libor"]
[Black "Zima, Tomas"]
[Result "1-0"]
[WhiteElo "1900"]
[BlackElo "1779"]
[PlyCount "93"]
[EventDate "2009.06.13"]
[EventType "swiss"]
[EventRounds "9"]
[EventCountry "CZE"]
[SourceTitle "CBM 130 Extra"]
[Source "ChessBase"]
[SourceDate "2009.07.02"]
[SourceVersion "2"]
[SourceVersionDate "2009.07.15"]
[SourceQuality "1"]

1. e4 e6 2. d4 d5 3. Nd2 dxe4 4. Nxe4 Nf6 5. Bd3 Be7 6. Nf3 Nbd7 7. c3 Nxe4 8. Bxe4 0-0 9. 0-0 Nf6 10. Bc2 c5 11. Bg5 cxd4 12. cxd4 Nd5 13. Qd3 g6 14. Bxe7 Qxe7 15. a3 Bd7 16. Qd2 Rac8 17. Bb3 Bc6 18. Ne5 Rfd8 19. Rfd1 Qf6 20. Rac1 Ne7 21. Qa5 Qf4 22. Qxa7 Be4 23. Rxc8 Rxc8 24. Qa5 Nd5 25. Qe1 Nf6 26. Qe3 Qxe3 27. fxe3 Nd5 28. Kf2 Kf8 29. Nd7+ Ke7 30. Nc5 Nf6 31. Nxe4 Nxe4+ 32. Kf3 Nd6 33. e4 Nc4 34. Bxc4 Rxc4 35. Rd2 f6 36. Ke3 Kd6 37. Kd3 Rc1 38. Rc2 Rg1 39. Re2 f5 40. exf5 gxf5 41. a4 Ra1 42. b3 Rb1 43. Kc2 Rf1 44. Rd2 Kd5 45. Kd3 Rf4 46. Kc3 Re4 47. a5 1-0

[Event "Ricany op-A"]
[Site "Ricany"]
[Date "2008.08.24"]
[Round "3"]
[White "Musil, Vitezslav"]
[Black "Zima, Tomas"]
[Result "1-0"]
[WhiteElo "2039"]
[BlackElo "1822"]
[PlyCount "83"]
[EventDate "2008.08.23"]
[EventType "swiss"]
[EventRounds "9"]
[EventCountry "CZE"]
[SourceTitle "CBM 126 Extra"]
[Source "ChessBase"]
[SourceDate "2008.11.05"]
[SourceVersion "1"]
[SourceVersionDate "2008.11.05"]
[SourceQuality "1"]

1. e4 Nc6 2. Nc3 d6 3. Nf3 Bg4 4. h3 Bxf3 5. Qxf3 Nd4 6. Qd1 e5 7. Ne2 Ne7 8. c3 Ne6 9. d4 c5 10. Ng3 a6 11. d5 Nc7 12. Be2 g6 13. c4 Bg7 14. 0-0 0-0 15. Rb1 f5 16. exf5 gxf5 17. b4 b6 18. bxc5 bxc5 19. Bd2 Qd7 20. Qc1 Rfb8 21. Bg5 Ng6 22. Qc2 e4 23. Nh5 Ne8 24. Nxg7 Qxg7 25. Bd2 Ne5 26. Bc3 Qg6 27. f4 exf3 28. Bxf3 Nxc4 29. Qe2 Ne5 30. Bxe5 dxe5 31. Qxe5 Nd6 32. Bh5 Qh6 33. Qg3+ Kf8 34. Rbe1 Rd8 35. Qh4 Rd7 36. Re6 Qg7 37. Kh2 Qd4 38. Rf6+ Nf7 39. Qxd4 cxd4 40. R6xf5 Kg7 41. R1f4 d3 42. Bxf7 1-0

[Event "Ricany op-A"]
[Site "Ricany"]
[Date "2008.08.24"]
[Round "2"]
[White "Zima, Tomas"]
[Black "Rmoutil, Martin"]
[Result "1-0"]
[WhiteElo "1822"]
[BlackElo "1988"]
[PlyCount "56"]
[EventDate "2008.08.23"]
[EventType "swiss"]
[EventRounds "9"]
[EventCountry "CZE"]
[SourceTitle "CBM 126 Extra"]
[Source "ChessBase"]
[SourceDate "2008.11.05"]
[SourceVersion "1"]
[SourceVersionDate "2008.11.05"]
[SourceQuality "1"]

1. g3 Nf6 2. Bg2 g6 3. c4 c5 4. Nc3 Nc6 5. a3 Bg7 6. f4 d6 7. e3 0-0 8. h3 Rb8 9. Rb1 e5 10. Nge2 Nh5 11. 0-0 exf4 12. gxf4 Bd7 13. b4 Ne7 14. b5 Nf5 15. Kh2 Re8 16. e4 Nh4 17. Bh1 f5 18. d3 Be6 19. Nd5 Bxd5 20. cxd5 Qe7 21. Ng3 Nf6 22. Re1 Nd7 23. Bd2 Qf6 24. a4 Qd4 25. Be3 Qf6 26. Bd2 Qd4 27. Be3 Qf6 28. Bd2 Bh6 1-0